Body talk the material and discursive regulation of sexuality, madness and reproduction /
Đã lưu trong:
| Tác giả của công ty: | |
|---|---|
| Tác giả khác: | |
| Định dạng: | Điện tử eBook |
| Ngôn ngữ: | Tiếng Anh |
| Được phát hành: |
London ; New York :
Routledge,
1997.
|
| Những chủ đề: | |
| Truy cập trực tuyến: | An electronic book accessible through the World Wide Web; click to view |
| Các nhãn: |
Không có thẻ, Là người đầu tiên thẻ bản ghi này!
|
MARC
| LEADER | 00000nam a2200000Ia 4500 | ||
|---|---|---|---|
| 001 | 0000072889 | ||
| 005 | 20171002053623.0 | ||
| 006 | m u | ||
| 007 | cr cn||||||||| | ||
| 008 | 970508s1997 enk sb 001 0 eng d | ||
| 010 | |z 97015836 | ||
| 020 | |z 9780415153645 | ||
| 020 | |z 9780203135327 | ||
| 020 | |z 0415153638 (hb) | ||
| 020 | |z 0415153646 (pb) | ||
| 035 | |a (CaPaEBR)ebr10057311 | ||
| 035 | |a (OCoLC)236340763 | ||
| 040 | |a CaPaEBR |c CaPaEBR | ||
| 050 | 1 | 4 | |a HM110 |b .B68 1997eb |
| 082 | 0 | 4 | |a 306.4 |2 21 |
| 245 | 0 | 0 | |a Body talk |h [electronic resource] : |b the material and discursive regulation of sexuality, madness and reproduction / |c edited by Jane M. Ussher. |
| 260 | |a London ; |a New York : |b Routledge, |c 1997. | ||
| 300 | |a xii, 254 p. | ||
| 504 | |a Includes bibliographical references and index. | ||
| 533 | |a Electronic reproduction. |b Palo Alto, Calif. : |c ebrary, |d 2009. |n Available via World Wide Web. |n Access may be limited to ebrary affiliated libraries. | ||
| 650 | 0 | |a Human body |x Social aspects. | |
| 650 | 0 | |a Mind and body. | |
| 650 | 0 | |a Women |x Psychology. | |
| 650 | 0 | |a Women |x Physiology. | |
| 650 | 0 | |a Sex (Psychology) | |
| 650 | 0 | |a Mental illness |x Social aspects. | |
| 650 | 0 | |a Human reproduction |x Social aspects. | |
| 650 | 0 | |a Materialism. | |
| 650 | 0 | |a Discursive psychology. | |
| 650 | 0 | |a Feminist theory. | |
| 655 | 7 | |a Electronic books. |2 local | |
| 700 | 1 | |a Ussher, Jane M., |d 1961- | |
| 710 | 2 | |a ebrary, Inc. | |
| 856 | 4 | 0 | |u http://site.ebrary.com/lib/daystar/Doc?id=10057311 |z An electronic book accessible through the World Wide Web; click to view |
| 908 | |a 170314 | ||
| 942 | 0 | 0 | |c EB |
| 999 | |c 62047 |d 62047 | ||